MARC details
| 000 -CABECERA |
| campo de control de longitud fija |
00976nam a2200217 a 4500 |
| 005 - FECHA Y HORA DE LA ÚLTIMA TRANSACCIÓN |
| campo de control |
20250325063815.0 |
| 008 - ELEMENTOS DE LONGITUD FIJA--INFORMACIÓN GENERAL |
| campo de control de longitud fija |
081107s1981 fr r 000 0 fre d |
| 020 ## - NÚMERO INTERNACIONAL NORMALIZADO PARA LIBROS |
| Número Internacional Estándar del Libro |
9280320831 |
| 035 ## - NÚMERO DE CONTROL DEL SISTEMA |
| Número de control de sistema |
UPN01000165322 |
| 049 ## - COLECCIÓN |
| Colección |
UNE |
| 050 #4 - SIGNATURA TOPOGRÁFICA DE LA BIBLIOTECA DEL CONGRESO |
| Número de clasificación |
LC1037 |
| Número de documento/Ítem |
E3.8 |
| 245 00 - MENCIÓN DE TÍTULO |
| Título |
Education, travail et emploi / |
| Mención de responsabilidad, etc. |
Jacques Hallak ... [et al. ]. |
| 260 ## - PUBLICACIÓN, DISTRIBUCIÓN, ETC. |
| Lugar de publicación, distribución, etc. |
Paris : |
| Nombre del editor, distribuidor, etc. |
UNESCO, Institut international de Planification de l'Education, |
| Fecha de publicación, distribución, etc. |
1981. |
| 300 ## - DESCRIPCIÓN FÍSICA |
| Extensión |
2 v. : |
| Otras características físicas |
tablas, mapas |
| 500 ## - NOTA GENERAL |
| Nota general |
También localizas un ejemplar en Colección General |
| 505 8# - NOTA DE CONTENIDO CON FORMATO PREESTABLECIDO |
| Nota de contenido con formato |
Contenido: |
| Información miscelánea |
v.1. |
| Título |
Education, formation et accés au marché du travail -- |
| Información miscelánea |
v.2. |
| Título |
La segmentation des marchés du travail -- La démocratie dans l'entreprise et la planification de l'éducation -- Planification de l'éducation et l'entreprise individuelle |
| 650 #4 - ASIENTO SECUNDARIO DE MATERIA - TERMINO TEMATICO |
| Término de materia o nombre geográfico como elemento de entrada |
Transición de la escuela al trabajo |
| 9 (RLIN) |
21453 |
| 650 #4 - ASIENTO SECUNDARIO DE MATERIA - TERMINO TEMATICO |
| Término de materia o nombre geográfico como elemento de entrada |
Juventud |
| Subdivisión general |
Empleo |
| 9 (RLIN) |
9373 |
| 700 1# - ASIENTO SECUNDARIO--NOMBRE DE PERSONAL |
| Nombre de persona |
Hallak, Jacques, |
| Fechas asociadas al nombre |
1937- |
| Término indicativo de función/relación |
coaut. |
| 9 (RLIN) |
28384 |
| 905 ## - TIPO DE MATERIAL |
| Tipo de material |
Libro |